Learning to Live: Six Essays on Marcel Proust /

In this collection of essays, Maurizio Ferraris explores the world portrayed in Marcel Proust's In Search of Lost Time. He ponders how memory is tied to self-identification and knowledge; how the passage of time is only perceptible after it has passed; and how life, ultimately, is accurately po...

وصف كامل

محفوظ في:

المؤلف الرئيسي: Ferraris, Maurizio (مؤلف)

التنسيق: كتاب الكتروني

اللغة: English

منشور في: Leiden; Boston : Brill | Rodopi, 2020.

سلاسل: Value Inquiry Book Series ; 347.
Religious Studies, Theology and Philosophy E-Books Online, Collection 2020, ISBN: 9789004419094.

الموضوعات:

الوصول للمادة أونلاين: Login to view Source

الوسوم: إضافة وسم

لا توجد وسوم, كن أول من يضع وسما على هذه التسجيلة!

رقم الطلب: PQ2631.R63

LEADER 02438nam a22004931i 4500
001 BRILL9789004431232
003 nllekb
005 20210602100636.0
006 m d
007 cr un uuuua
008 200527s2020 ne sb 001 0 eng d
010 |a  2020023182 
020 |a 9789004431232  |q (electronic book) 
020 |a 9789004422551  |q (print) 
024 7 |a 10.1163/9789004431232  |2 DOI 
035 |z (OCoLC)1154948287 
040 |a NL-LeKB  |c NL-LeKB  |e rda 
050 0 0 |a PQ2631.R63 
072 7 |a HPN  |2 bicssc 
072 7 |a PHI  |x 001000  |2 bisacsh 
082 0 0 |a 843/.912  |2 23 
100 1 |a Ferraris, Maurizio,  |e author. 
245 1 0 |a Learning to Live: Six Essays on Marcel Proust /  |c by Maurizio Ferraris. 
264 1 |a Leiden;   |a Boston :   |b Brill | Rodopi,   |c 2020. 
300 |a 1 online resource. 
336 |a text  |b txt  |2 rdacontent 
337 |a computer  |b c  |2 rdamedia 
338 |a online resource  |2 rdacarrier 
490 1 |a Value Inquiry Book Series ;  |v 347 
490 1 |a Religious Studies, Theology and Philosophy E-Books Online, Collection 2020, ISBN: 9789004419094 
504 |a Includes bibliographical references and index. 
520 |a In this collection of essays, Maurizio Ferraris explores the world portrayed in Marcel Proust's In Search of Lost Time. He ponders how memory is tied to self-identification and knowledge; how the passage of time is only perceptible after it has passed; and how life, ultimately, is accurately portrayed in literature in ways that were seen as inconceivable in our youth. Running throughout the book is the sense that memory is all we are; we are what we remember or what others remember of us. 
588 |a Description based on print version record. 
600 1 0 |a Proust, Marcel,  |d 1871-1922.  |t À la recherche du temps perdu. 
650 0 |a Identity (Philosophical concept) in literature. 
650 0 |a Memory in literature. 
650 0 |a Time in literature. 
776 0 8 |i Print version:  |t Learning to Live: Six Essays on Marcel Proust,   |d Leiden Boston : Brill | Rodopi, 2020  |w 9789004422551 
830 0 |a Value Inquiry Book Series ;  |v 347. 
830 0 |a Religious Studies, Theology and Philosophy E-Books Online, Collection 2020, ISBN: 9789004419094. 
856 4 |z DOI:   |u http://dx.doi.org/10.1163/9789004431232 
942 |c EBOOK 
952 |0 0  |1 0  |4 0  |7 1  |9 14217  |a BRILL  |b BRILL  |d 2021-06-02  |l 0  |r 2021-06-02 00:00:00  |w 2021-06-02  |y EBOOK 
999 |c 35667  |d 35667